| 000 | 00913nam a2200289Ia 4500 | ||
|---|---|---|---|
| 003 | OSt | ||
| 005 | 20221006153547.0 | ||
| 006 | a|||||r|||| 00| 0 | ||
| 007 | ta | ||
| 008 | 221006b |||||||| |||| 00| 0 eng d | ||
| 020 |
_a9780415278652 _c _160.00 (each) |
||
| 024 | _a32,696 | ||
| 037 |
_bGift, 18/10/2007, Korean Embassy _cTextual |
||
| 040 |
_aEASL _cEASL _beng |
||
| 041 |
_2eng _aeng |
||
| 082 | _aX.495.N97<-N71, P3 | ||
| 100 | _aShin Jang-Sup | ||
| 245 | 0 | _aRestructuring Korea Inc. | |
| 260 |
_aLondon _bRoutledgeCurzon _c2003 |
||
| 300 |
_a155p. _ccm. |
||
| 490 |
_v KEL _aRoutledgeCurzon studies in the growth economies of Asia |
||
| 650 | _a KEL | ||
| 650 |
_aEconomic devlopment - Korea _9664406 |
||
| 700 | _a Chang Ha-Joon | ||
| 942 |
_hX.495.N97<-N71, P3 _cTEXL _2CC |
||
| 999 |
_c1100782 _d1100782 |
||